Aulas práticas de matemática (Record no. 131215)

MARC details
000 -LÍDER
campo de controle de tamanho fixo 01170 a2200193 4500
001 - NÚMERO DE CONTROLE
campo de controle 131215
020 ## - ISBN - INTERNATIONAL STANDARD BOOK NUMBER
ISBN - International Standard Book Number 85-08-02439-8
040 ## - FONTE DA CATALOGAÇÃO
Instituição que transcreveu o registro Leonardo Da Vinci
041 ## - CÓDIGO DE IDIOMA
Código do idioma do texto/trilha sonora ou título diferente Português
082 ## - CDD - CLASSIFICAÇÃO DECIMAL DE DEWEY
Número de Classificação 510 T266a
Número do exemplar T266a
100 ## - ENTRADA PRINCIPAL--NOME PESSOAL
Nome pessoal TEIXEIRA, José Carlos
-- BONGIOVANNI, Vincenzo
-- AGUIAR FILHO, Roberto Benedicto
-- SILVA, Benedito Cardoso da
-- NEVES, Vera Lúcia Oliveira das
245 ## - TÍTULO
Título Aulas práticas de matemática
260 ## - PUBLICAÇÃO, DISTRIBUIÇÃO, ETC.
Nome do editor, distribuidor, etc. Ática
Data da publicação, distribuição, etc. 1988
Local de publicação, distribuição, etc. São Paulo
300 ## - DESCRIÇÃO FÍSICA
Extensão 304
362 ## - DATAS DE PUBLICAÇÃO E/OU DESIGNAÇÃO SEQUENCIAL
Datas de publicação e/ou designação sequencial 19880000
490 ## - TÍTULO DA SÉRIE
Número do volume ou designação sequencial da série v.1
697 ## - ENTRADA DE ASSUNTO LOCAL--ENTIDADE COLETIVA (RLIN)
Nome corporativo ou nome da jurisdição Matemática
-- Conjuntos
-- Plano cartesiano
-- Função do 1. grau
-- Função do 2. grau
-- Intersecção
-- Intervalo numérico
-- Inequações
-- Conjunto numérico
-- Representação geométrica
-- Produto cartesiano
-- Plano cartesiano
-- Relação
-- Relação binária
-- Relação inversa
-- Função
-- Generalidade da função
-- Notação da função
-- Função definida
-- Domínio da função
-- Tipos de função
-- Função crescente
-- Função decrescente
-- Função linear
-- Função quadrática
-- Função exponencial
-- Função logarítmica
-- Logarítmos
-- Progressões aritméticas
-- Progressões geométricas
-- Módulo
-- Logarítmo decimal
-- Ensino Médio
942 ## - ELEMENTOS DE ENTRADA ADICIONADOS (KOHA)
Tipo de material Koha Livros
Holdings
Situação do descarte Situação das perdas Situação física Não pode ser emprestado Biblioteca de origem Biblioteca atual Data de aquisição Total de empréstimos Número de chamada completo Código de barras Data de último acesso Data do preço efetivo Tipo de material Koha
        Leonardo Da Vinci - Osasco Leonardo Da Vinci - Osasco 27/03/2024   510 T266a O006290 27/03/2024 27/03/2024 Livros